| 000 | 00912cam a22002894a 4500 | ||
|---|---|---|---|
| 001 | 16311468 | ||
| 003 | OSt | ||
| 005 | 20231208153504.0 | ||
| 008 | 100701s2008 ii b b 001 0 eng | ||
| 010 | _a 2010318900 | ||
| 020 | _a9788126425006 | ||
| 020 | _a9788126418633 | ||
| 025 | _aI-E-2010-318900; 61-92 | ||
| 037 | _bLibrary of Congress -- New Delhi Overseas Office | ||
| 040 |
_aDLC _cDLC _dDLC |
||
| 042 |
_alcode _apcc |
||
| 043 | _aa-ii--- | ||
| 050 | 0 | 0 |
_aDS485.M35 _bG36 2008 |
| 082 |
_a954.0357 _bGAN/M |
||
| 100 |
_aGangadharan, M _d1933- _92076 |
||
| 245 | 1 | 4 |
_aMALABAR KALAPAM 1921-22 = The Malabar rebellion / _cM. Gangadharan. |
| 260 |
_aKottayam : _bD.C. Books, _c2008. |
||
| 300 |
_a380 p. : _bmap ; _c22 cm. |
||
| 650 | 0 | _aMoplah Rebellion, India, 1921. | |
| 650 | 0 |
_aMoplahs _xPolitics and government. |
|
| 942 |
_2ddc _cBK _h954.0357 _iGAN/M _k954.0357 _mGAN/M |
||
| 999 |
_c44184 _d44184 |
||